[Event "Shanghai COITCT 2019"]
[Site "Shanghai"]
[Date "2019.09.15"]
[Round "2.7"]
[White "Xu, Zhihang"]
[Black "Nigmatov, Ortik"]
[Result "1-0"]
[WhiteElo "2506"]
[BlackElo "2482"]
[Annotator "ChessBase"]
[PlyCount "81"]
[EventDate "2019.09.15"]
[EventType "team-tourn"]
[EventCountry "CHN"]
[SourceTitle "playchess.com"]
[Source "ChessBase"]
[SourceQuality "1"]
[TimeControl "1500+10"]

1. c4 {[%emt 0:00:00]} Nf6 {[%emt 0:00:00]} 2. Nc3 {[%emt 0:00:11]} g6 {[%emt 0:00:00]} 3. g3 {[%emt 0:00:11]} Bg7 {[%emt 0:00:00]} 4. Bg2 {[%emt 0:00:01]} O-O {[%emt 0:00:00]} 5. d4 {[%emt 0:00:05]} d6 {[%emt 0:00:00]} 6. Nf3 {[%emt 0:00:02]} Nc6 {[%emt 0:00:01]} 7. O-O {[%emt 0:00:02]} e5 {[%emt 0:00:02]} 8. d5 {[%emt 0:00:26]} Nb8 {[%emt 0:00:22]} 9. Ne1 {[%emt 0:00:07]} a5 {[%emt 0:00:08]} 10. Nd3 {[%emt 0:00:12]} Na6 {[%emt 0:00:23]} 11. a3 {[%emt 0:00:37]} Nd7 {[%emt 0:01:42]} 12. e4 {[%emt 0:00:19]} Nac5 {[%emt 0:00:30]} 13. Be3 {[%emt 0:00:49]} b6 {[%emt 0:00:49]} 14. Nxc5 {[%emt 0:00:35]} bxc5 {[%emt 0:00:22]} 15. a4 {[%emt 0:01:13]} f5 {[%emt 0:00:24]} 16. Qd2 {[%emt 0:00:49]} Nb6 {[%emt 0:01:38]} 17. Qd3 {[%emt 0:00:02]} f4 {[%emt 0:00:04]} 18. Bd2 {[%emt 0:00:01]} f3 {[%emt 0:01:28]} 19. Bh1 {[%emt 0:00:01]} g5 {[%emt 0:01:13]} 20. Bxf3 {[%emt 0:01:38]} Nxc4 {[%emt 0:00:11]} 21. Bg2 {[%emt 0:00:02]} Nxd2 {[%emt 0:02:03]} 22. Qxd2 {[%emt 0:00:01]} Bd7 {[%emt 0:01:03]} 23. Ra3 {[%emt 0:00:25]} g4 {[%emt 0:02:04]} 24. Nb5 {[%emt 0:00:10]} Qb8 {[%emt 0:01:33]} 25. Rb3 {[%emt 0:00:30]} Rf6 {[%emt 0:00:59]} 26. Qe2 {[%emt 0:01:35]} Qd8 {[%emt 0:00:41]} 27. f3 {[%emt 0:00:48]} gxf3 {[%emt 0:00:03]} 28. Bxf3 {[%emt 0:00:01]} Rb8 {[%emt 0:00:08]} 29. Bg4 {[%emt 0:01:22]} c4 {[%emt 0:06:39]} 30. Rxf6 {[%emt 0:00:34]} Qxf6 {[%emt 0:02:55]} 31. Rc3 {[%emt 0:00:07]} Bxb5 {[%emt 0:01:11]} 32. axb5 {[%emt 0:00:02]} Rxb5 {[%emt 0:00:05]} 33. Rxc4 {[%emt 0:00:05]} Rb7 {[%emt 0:00:50]} 34. Kg2 {[%emt 0:00:40]} Kh8 {[%emt 0:00:05]} 35. Bc8 {[%emt 0:00:18]} Ra7 {[%emt 0:00:02]} 36. Rc3 {[%emt 0:00:31]} Qe7 {[%emt 0:00:30]} 37. Qb5 {[%emt 0:01:33]} Qd8 {[%emt 0:00:34]} 38. Qb8 {[%emt 0:00:20]} Ra6 {[%emt 0:00:08]} 39. Rxc7 {[%emt 0:00:02]} a4 {[%emt 0:00:15]} 40. Rxg7 {[%emt 0:01:10]} a3 {[%emt 0:00:10]} 41. Qb7 {[%emt 0:00:10]} 1-0

[Event "Shanghai COITCT 2019"]
[Site "Shanghai"]
[Date "2019.09.15"]
[Round "2.8"]
[White "Kurbonboeva, Sarvinoz"]
[Black "Ma, Zhonghan"]
[Result "0-1"]
[WhiteElo "2262"]
[BlackElo "2485"]
[Annotator "TA"]
[PlyCount "70"]
[EventDate "2019.09.15"]
[EventType "team-tourn"]
[EventCountry "CHN"]
[SourceTitle "playchess.com"]
[Source "ChessBase"]
[SourceQuality "1"]

{[%evp 11,70,17,22,15,24,21,41,20,8,-6,-16,-40,-15,-51,-61,-177,-173,-158,-169,-183,-164,-179,-170,-216,-156,-154,-156,-145,-160,-171,-175,-189,-150,-143,-141,-130,-111,-125,-122,-119,-125,-122,-122,-122,-122,-129,-121,-148,-141,-259,-253,-258,-252,-276,-272,-308,-297,-302,-298,-285,-287]} 1. d4 Nf6 2. c4 e6 3. g3 d5 4. Nf3 dxc4 5. Bg2 c6 6. Ne5 Bb4+ 7. Nc3 {E04: Open Catalan: 5 Nf3} (7. Bd2 Be7 8. e3 b5 9. Nxc6 Nxc6 10. Bxc6+ Bd7 11. Bxa8 Qxa8 12. f3 e5 13. dxe5 Ng4 14. O-O Nxe5 {½-½ (27) Vidit,S (2711)-Vitiugov,N (2726) Prague 2019}) 7... Nd5 8. Bd2 b5 9. O-O {[%mdl 1024] White is slightly better. White has compensation.} Bb7 10. e4 Nf6 11. Be3 $146 ({Predecessor:} 11. Bg5 Be7 12. a4 a6 13. h4 Nbd7 14. Nxd7 Qxd7 {½-½ (22) Bloch,N-Anselmo,A Groningen 1973}) 11... Nbd7 12. f4 O-O 13. g4 ({Better is} 13. Qe2 $15) 13... Nxe5 $19 14. fxe5 Nd7 15. g5 c5 16. a3 cxd4 17. Bxd4 Bc5 18. Bxc5 Nxc5 19. Qxd8 Raxd8 20. Nxb5 Bxe4 ({Don't do} 20... Nxe4 21. Bxe4 Bxe4 22. Nd6 $17) 21. Nd6 Bxg2 22. Kxg2 Nd3 23. Nxc4 Rd5 24. Rf3 Rc8 25. b3 Nxe5 26. Nxe5 Rxe5 $17 {[%mdl 4096] Endgame KRR-KRR} 27. h4 Re2+ 28. Kg3 h6 29. Raf1 Rc7 30. Rd3 (30. b4 $17) 30... hxg5 $19 {Black has a decisive advantage.} 31. hxg5 {With the idea g6!} Kh7 32. Kf3 Re5 33. Kg4 Kg6 34. Rfd1 Rxg5+ 35. Kf4 Rf5+ {Accuracy: White = 26%, Black = 85%.} 0-1

[Event "Shanghai COITCT 2019"]
[Site "Shanghai"]
[Date "2019.09.15"]
[Round "2.9"]
[White "Mu, Ke"]
[Black "Baymuratova, Sevara"]
[Result "1-0"]
[WhiteElo "2414"]
[BlackElo "2126"]
[Annotator "TA"]
[PlyCount "47"]
[EventDate "2019.09.15"]
[EventType "team-tourn"]
[EventCountry "CHN"]
[SourceTitle "playchess.com"]
[Source "ChessBase"]
[SourceQuality "1"]

{[%evp 18,47,-30,-34,0,-46,0,0,0,-11,9,28,12,0,0,0,45,50,62,56,42,54,54,54,191,215,120,128,2007,1747,29998,29999]} 1. d4 Nf6 2. c4 e6 3. Nf3 d5 4. Nc3 c6 5. Bg5 Nbd7 6. e3 Be7 7. Qc2 O-O 8. O-O-O h6 9. Bf4 dxc4 10. Bxc4 Nd5 {D37: Queen's Gambit Declined: 5 Bf4} 11. Bg3 b5 $146 (11... Nb4 {feels hotter.} 12. Qd2 a5 13. Be2 b5 14. e4 a4) ({Predecessor:} 11... a5 12. Kb1 a4 13. e4 Nb4 14. Qc1 b5 15. Be2 a3 16. b3 Bb7 17. Qe3 {½-½ (44) Istratescu,A (2589)-Manolache,M (2499) Olanesti 2018}) 12. Nxd5 exd5 {The position is equal.} 13. Bd3 Bb7 14. Kb1 a5 15. e4 dxe4 16. Bxe4 Qb6 17. Bh7+ Kh8 18. Bf5 $36 {[%mdl 2048] White has good play.} Nf6 19. Rhe1 Bb4 20. Re2 {Hoping for a3.} Rfe8 ({Better is} 20... c5 $14) 21. Ne5 $18 Kg8 22. Bh4 {[#] aiming for Bxf6.} Be7 $2 {[%mdl 8192]} (22... c5 $16) 23. Bxf6 {Bh7+ would kill now.} Bxf6 24. Bh7+ {Accuracy: White = 68%, Black = 16%.} 1-0

[Event "Shanghai COITCT 2019"]
[Site "Shanghai"]
[Date "2019.09.15"]
[Round "2.10"]
[White "Orozbaev, Eldiar"]
[Black "Venkatesh, M.R."]
[Result "1/2-1/2"]
[WhiteElo "1908"]
[BlackElo "2481"]
[Annotator "TA"]
[PlyCount "42"]
[EventDate "2019.09.15"]
[EventType "team-tourn"]
[EventCountry "CHN"]
[SourceTitle "playchess.com"]
[Source "ChessBase"]
[SourceQuality "1"]

{[%evp 13,42,15,17,15,32,0,-9,-36,-35,-28,8,-57,-56,-72,-79,-66,-91,-23,-14,-31,218,231,203,0,54,47,51,0,49,0,53]} 1. e4 e5 2. Nf3 Nc6 3. Bc4 Nf6 4. d3 Bc5 5. Nc3 d6 6. Na4 Bb6 7. Nxb6 axb6 8. c3 {C50: Hungarian Defence and Giuoco Pianissimo} (8. Bg5 h6 9. Bh4 O-O 10. O-O Bg4 11. c3 g5 12. Bg3 Qd7 13. Bb3 Kg7 14. Re1 Nh5 15. h3 Bxf3 16. Qxf3 Nxg3 17. Qxg3 {1-0 (68) Eljanov,P (2680)-Moroni,L (2562) Caleta 2019}) 8... Be6 9. Bb5 O-O 10. Bg5 h6 $146 ({Predecessor:} 10... Rxa2 11. Rxa2 Bxa2 12. b3 Na5 13. Nd2 c6 14. Qc2 cxb5 15. Qxa2 {1-0 (50) Doell,L (1171)-Schmitt,K (995) Willingen 2004}) 11. Bh4 g5 {[#]} 12. Bxc6 ({White should play} 12. Nxg5 $1 $11 {[%mdl 512]} hxg5 13. Bxg5) 12... bxc6 $15 {[#]} 13. Nxg5 $1 {[%mdl 512]} hxg5 14. Bxg5 Kg7 $1 (14... Bxa2 15. Qf3 $16) (14... Rxa2 15. Rxa2 Bxa2 16. f4 $16) 15. Qf3 Rh8 16. h4 Kg6 $2 {[#]} ({Not} 16... Rxa2 $2 17. Rxa2 Bxa2 18. Rh3 $16 (18. h5 Be6 $16)) (16... Rh6 $15 {stays ahead.}) 17. h5+ $1 $18 {[%mdl 1536] White has strong compensation.} Kg7 (17... Nxh5 18. Bxd8) 18. Bh4 $2 (18. h6+ $18 Kg6 {[#]} 19. h7 $1 {[%mdl 512]} Rxh7 20. Rxh7 Kxh7 21. Bxf6) 18... Qe7 ({Of course not} 18... Rxa2 $6 19. Rxa2 Bxa2 20. Qg3+ Kh7 21. Qg5 $16) (18... Rh6 $11) 19. Qg3+ $14 Kf8 20. Qf3 Kg7 21. Qg3+ Kf8 {Accuracy: White = 40%, Black = 36%.} 1/2-1/2

[Event "Shanghai COITCT 2019"]
[Site "Shanghai"]
[Date "2019.09.15"]
[Round "2.11"]
[White "Krishna C R G"]
[Black "Zairbek kyzy, Begimai"]
[Result "1-0"]
[WhiteElo "2446"]
[BlackElo "1989"]
[Annotator "TA"]
[PlyCount "65"]
[EventDate "2019.09.15"]
[EventType "team-tourn"]
[EventCountry "CHN"]
[SourceTitle "playchess.com"]
[Source "ChessBase"]
[SourceQuality "1"]

{[%evp 10,65,91,94,173,184,222,212,217,222,260,277,789,789,783,792,916,914,908,889,958,934,920,912,872,875,1077,1068,1024,1028,1670,1693,1675,1644,6210,3549,1985,1955,2558,1028,1097,1085,1089,1076,1024,1011,6520,956,1951,1004,1798,1004,29974,29975,29970,29971,29971,29968]} 1. d4 d5 2. c4 e5 3. dxe5 d4 4. Nf3 Nc6 5. g3 Bf5 6. Bg2 Qe7 $146 {D09: Albin Counter Gambit: Main line with 5 g3} (6... Bb4+ $16 {was called for.} 7. Nbd2 d3) ({Predecessor:} 6... Qd7 7. O-O Nge7 8. e3 d3 9. Nd4 Bh3 10. e6 Bxe6 11. Nxe6 fxe6 12. Bd2 Nf5 13. Bc3 Be7 14. Qb3 {1-0 (54) Velilla Velasco,F (2470)-Rebord,M (2527) ICCF email 2005}) 7. Nxd4 $18 O-O-O 8. Bxc6 bxc6 {White is clearly better.} 9. O-O Qd7 10. e3 c5 $2 (10... Bh3 11. Re1 Bc5) 11. Qf3 {[%cal Rf3a8]} c6 12. Nxf5 g6 {[#]} 13. Nd6+ $1 {[%mdl 64] Discovered Attack} Bxd6 14. Rd1 {[%mdl 64] Pin} Qc7 15. exd6 Rxd6 16. Rxd6 Qxd6 17. Bd2 h5 18. Bc3 Rh7 19. Nd2 {[%cal Bb1d2,Bd2e4,Be4d6][%mdl 32]} h4 20. Ne4 Qc7 21. Rd1 hxg3 22. Nd6+ Kb8 23. hxg3 f6 24. Ne8 Qc8 25. Nxf6 Nxf6 26. Bxf6 Kb7 27. Rd8 Qe6 28. Qf4 Qh3 29. Qb8+ Ka6 30. Qc8+ Kb6 31. Qxh3 {White mates.} Rxh3 32. Bh4 Kc7 33. Rg8 1-0

[Event "Shanghai COITCT 2019"]
[Site "Shanghai"]
[Date "2019.09.15"]
[Round "2.13"]
[White "Kovalev, Vladislav"]
[Black "Idani, Pouya"]
[Result "0-1"]
[WhiteElo "2661"]
[BlackElo "2586"]
[Annotator "TA"]
[PlyCount "112"]
[EventDate "2019.09.15"]
[EventType "team-tourn"]
[EventCountry "CHN"]
[SourceTitle "playchess.com"]
[Source "ChessBase"]
[SourceQuality "1"]

{[%evp 9,112,11,11,12,24,24,15,29,14,20,16,0,22,0,0,-18,-24,-26,0,0,0,0,0,-37,-33,-24,-28,-57,-43,-41,-40,-30,-16,-20,-7,-8,-5,-8,0,-22,-23,-22,-23,-24,-17,-74,-48,-60,-32,-158,-176,-179,-176,-366,-345,-379,-379,-380,-377,-374,-369,-393,-406,-396,-395,-401,-396,-402,-401,-552,-530,-633,-635,-1540,-1356,-29954,-29953,-6508,-6508,-29963,-29964,-29968,-29964,-29961,-29939,-29975,-29969,-29964,-29968,-29966,-11404,-29972,-29972,-29976,-29973,-29976,-29978,-29977,-29971,-29977,-29978,-29971,-29972,-29983,-29984]} 1. e4 c5 2. Nf3 d6 3. Bb5+ Nd7 4. Ba4 (4. d4 cxd4 5. Qxd4 a6 6. Bxd7+ Bxd7 7. Bg5 h6 8. Bh4 Qa5+ 9. Nc3 e5 10. Qd3 g5 11. Bg3 Nf6 12. h4 g4 13. Nd2 Rc8 14. h5 Be6 {0-1 (23) Duda,J (2729)-Vachier Lagrave,M (2775) Paris 2019}) 4... Ngf6 5. O-O a6 6. c4 {B51: Sicilian: Moscow Variation (3 Bb5+) without 3...Bd7} e6 7. Nc3 Be7 8. d4 {The position is equal.} cxd4 9. Nxd4 O-O $146 ({Predecessor:} 9... Qc7 10. Be3 {½-½ (52) Bakunts,R (2427)-Amonatov,F (2615) Taleigao 2018}) 10. Be3 Qc7 11. Rc1 Ne5 12. Bf4 Nxc4 {Threatens to win with ...e5.} 13. Bb3 $1 {[%cal Rb3c4]} Ne5 14. Nd5 Qd8 15. Nxe7+ Qxe7 16. Nf3 Rd8 17. Bxe5 dxe5 18. Qe2 Bd7 19. Nxe5 Bb5 20. Nc4 $1 Rd4 21. e5 Nd5 {Hoping for ...Nf4.} 22. Rfd1 Rxd1+ 23. Rxd1 Rd8 24. Qd2 Bxc4 25. Bxc4 Qc7 $36 {[%mdl 2048] Black has good play.} 26. Qd4 Rd7 {Strongly threatening ...Nb6.} 27. Qe4 (27. Bb3 $11) 27... Nb6 28. Rxd7 Nxd7 29. f4 (29. b3 $1 $15) 29... Qb6+ $17 {[%mdl 64] [#] Double Attack} 30. Kf1 Qxb2 31. Qd3 $2 (31. Bb3) 31... Qc1+ $19 32. Ke2 Qxf4 33. Qxd7 {[%cal Rd7e8]} Qxc4+ {[%mdl 4160] [#] Endgame Double Attack. KQ-KQ} 34. Ke3 {[%cal Rd7e8]} Qc5+ 35. Kd3 b5 36. Qd8+ Qf8 37. Qa5 Qc8 38. Kd2 h5 39. Qb6 Qa8 40. Kc3 Qxg2 41. Qxa6 Qxh2 42. Qxb5 Qxa2 43. Qe8+ Kh7 44. Qxf7 Qa1+ 45. Kd2 Qd4+ 46. Kc1 Qxe5 47. Kd2 Qf5 48. Qe7 Qf6 49. Qc5 e5 (49... Qf4+ $142 50. Kd1 Qf3+ 51. Kc1 h4 52. Qc2+ Qf5 53. Qe2 h3 54. Kb2 Qg6 55. Qd1 h2 56. Qh1 Qf6+ 57. Ka2 Qe5 58. Ka3 g6 59. Qb7+ Kh6 60. Qh1 Qc5+ 61. Kb2 Qg1 62. Qf3 h1=Q 63. Qf4+ g5 64. Qf6+ Kh5 65. Qh8+ Kg6 66. Qg8+ Kf6 67. Qf8+ Kg6 68. Qe8+ Kf6 69. Qf8+ Kg6 70. Qe8+ Kf6 71. Qf8+) 50. Qd5 Qf4+ {Black mates.} 51. Ke2 Kh6 52. Qe6+ g6 53. Qe8 Qf6 54. Ke1 h4 55. Qc8 e4 56. Qg4 Qc3+ {Accuracy: White = 34%, Black = 82%.} 0-1

[Event "Shanghai COITCT 2019"]
[Site "Shanghai"]
[Date "2019.09.15"]
[Round "2.14"]
[White "Darini, Pouria"]
[Black "Zhigalko, Sergei"]
[Result "1/2-1/2"]
[WhiteElo "2428"]
[BlackElo "2574"]
[Annotator "TA"]
[PlyCount "67"]
[EventDate "2019.09.15"]
[EventType "team-tourn"]
[EventCountry "CHN"]
[SourceTitle "playchess.com"]
[Source "ChessBase"]
[SourceQuality "1"]

{[%evp 9,67,24,24,23,31,19,25,6,35,-5,4,-17,2,0,10,0,4,6,4,0,0,-37,20,16,20,-31,13,0,0,5,18,0,40,39,48,29,31,18,19,20,25,18,83,86,76,-7,45,-19,-13,-36,-39,-67,-87,-107,-62,-77,-62,-66,-64,-77]} 1. e4 c5 2. Nf3 Nc6 3. Bb5 Nf6 4. Bxc6 dxc6 5. d3 Bg4 (5... Nd7 6. e5 Nb6 7. Nbd2 Bf5 8. Qe2 e6 9. h3 Be7 10. Ne4 h6 11. O-O a5 12. Be3 Nd7 {½-½ (29) Amin,B (2684)-Rapport,R (2719) Abu Dhabi 2018}) 6. Nbd2 {[%cal Bb1d2,Bd2c4,Bc4e3][%mdl 32] B30: Sicilian: 2...Nc6 3 Bb5, lines without ...g6} Nd7 7. h3 Bh5 8. Nc4 {White has an edge.} b5 9. Ne3 e6 $146 ({Predecessor:} 9... e5 10. Nf5 f6 11. Be3 Nb6 12. Qe2 Bg6 {0-1 (64) Grigoriants,S (2570)-Dourerassou,J (2469) Wroclaw 2014}) 10. Bd2 Qc7 11. Qe2 f6 12. a4 Bd6 13. Bc3 O-O 14. g4 Bf7 15. h4 {[#]} Rae8 ({Black should play} 15... c4 $1 $15 {[%mdl 512]}) 16. h5 $11 h6 17. Nh4 (17. b3 $11) 17... Rb8 (17... c4 $5) 18. O-O Rfe8 19. b3 Rb7 20. Neg2 e5 21. Nf5 c4 22. dxc4 bxc4 23. Ba5 Qb8 24. Nxd6 Qxd6 25. Rfd1 Qb8 {[#]} (25... Qe6 $11 {remains equal.}) 26. b4 $1 $16 Nf8 27. c3 ({Better is} 27. Ne3 $16) 27... Qc8 (27... Ne6 $11) 28. Rd2 (28. f3 $14) 28... c5 29. Rad1 cxb4 {Hoping for ...b3.} 30. Bxb4 Ne6 31. Qe3 a5 32. Bxa5 Qa8 33. Bb4 $1 Qxa4 34. Rd6 {Accuracy: White = 35%, Black = 50%.} 1/2-1/2

[Event "Shanghai COITCT 2019"]
[Site "Shanghai"]
[Date "2019.09.15"]
[Round "2.15"]
[White "Zarubitski, Viachaslau"]
[Black "Gholami, Aryan"]
[Result "0-1"]
[WhiteElo "2435"]
[BlackElo "2542"]
[Annotator "RC"]
[PlyCount "144"]
[EventDate "2019.09.15"]
[EventType "team-tourn"]
[EventCountry "CHN"]
[SourceTitle "playchess.com"]
[Source "ChessBase"]
[SourceQuality "1"]
[TimeControl "1500+10"]

1. e4 {[%emt 0:00:00]} c5 {[%emt 0:00:00]} 2. Nf3 {[%emt 0:00:00]} e6 {[%emt 0:00:00]} 3. c3 {[%emt 0:00:03]} Nf6 {[%emt 0:00:00]} 4. e5 {[%emt 0:00:01]} Nd5 {[%emt 0:00:00]} 5. d4 {[%emt 0:00:01]} cxd4 {[%emt 0:00:00]} 6. cxd4 {[%emt 0:00:01]} d6 {[%emt 0:00:00]} 7. Bc4 {[%emt 0:00:03]} Nb6 {[%emt 0:00:00]} 8. Bd3 {[%emt 0:00:15]} dxe5 {[%emt 0:00:00]} 9. dxe5 {[%emt 0:00:03]} Na6 {[%emt 0:00:01]} 10. O-O {[%emt 0:00:10]} Nc5 {[%emt 0:00:19]} 11. Be2 {[%emt 0:00:08]} Nd5 {[%emt 0:00:45]} 12. Qd4 {[%emt 0:04:23]} Bd7 {[%emt 0:00:02]} 13. Nc3 {[%emt 0:01:56]} Nxc3 {[%emt 0:00:54]} 14. Qxc3 {[%emt 0:00:13]} Be7 {[%emt 0:00:28]} 15. Be3 {[%emt 0:02:59]} Rc8 {[%emt 0:00:13]} 16. Rfd1 {[%emt 0:00:42]} O-O {[%emt 0:01:48]} 17. Qb4 {[%emt 0:05:16]} Qc7 {[%emt 0:03:59]} 18. Rac1 {[%emt 0:00:57]} Rfd8 {[%emt 0:00:02]} 19. Qa3 {[%emt 0:01:28]} a5 {[%emt 0:00:20]} 20. b4 {[%emt 0:05:10]} axb4 {[%emt 0:00:19]} 21. Qxb4 {[%emt 0:00:05]} b6 {[%emt 0:00:05]} 22. Rb1 {[%emt 0:01:26]} Rb8 {[%emt 0:00:53]} 23. Bb5 {[%emt 0:00:35]} Bc8 {[%emt 0:02:10]} 24. Rxd8+ {[%emt 0:00:38]} Qxd8 {[%emt 0:00:02]} 25. Nd4 {[%emt 0:01:37]} Bb7 {[%emt 0:00:13]} 26. Bc6 {[%emt 0:00:17]} Bc8 {[%emt 0:05:21]} 27. Bb5 {[%emt 0:00:34]} Bd7 {[%emt 0:02:13]} 28. Bxd7 {[%emt 0:00:07]} Qxd7 {[%emt 0:00:01]} 29. Qb5 {[%emt 0:00:07]} Bf8 {[%emt 0:00:20]} 30. Qc6 {[%emt 0:00:27]} Qa7 {[%emt 0:00:28]} 31. Rb2 {[%emt 0:00:15]} Nd3 {[%emt 0:00:58]} 32. Re2 {[%emt 0:00:07]} Qa6 {[%emt 0:01:26]} 33. Qe4 {[%emt 0:00:13]} Nb4 {[%emt 0:01:20]} 34. Qb1 {[%emt 0:00:11]} Nd5 {[%emt 0:00:16]} 35. Qb5 {[%emt 0:00:10]} Qa3 {[%emt 0:00:52]} 36. Qb3 {[%emt 0:00:02]} Ra8 {[%emt 0:00:44]} 37. h3 {[%emt 0:00:14]} h6 {[%emt 0:01:28]} 38. Nb5 {[%emt 0:00:13]} Qxb3 {[%emt 0:00:03]} 39. axb3 {[%emt 0:00:01]} Ra1+ {[%emt 0:00:02]} 40. Kh2 {[%emt 0:00:02]} Rb1 {[%emt 0:00:05]} 41. Bd4 {[%emt 0:00:28]} Rxb3 {[%emt 0:00:06]} 42. Rb2 {[%emt 0:00:00]} Rd3 {[%emt 0:00:20]} 43. Rc2 {[%emt 0:00:08]} Rb3 {[%emt 0:00:33]} 44. Rb2 {[%emt 0:00:13]} Rxb2 {[%emt 0:00:20]} 45. Bxb2 {[%emt 0:00:00]} Bc5 {[%emt 0:00:03]} 46. Kg3 {[%emt 0:00:03]} Nb4 {[%emt 0:00:04]} 47. f4 {[%emt 0:00:29]} Nd3 {[%emt 0:00:49]} 48. Bc3 {[%emt 0:00:14]} Kh7 {[%emt 0:00:14]} 49. Kf3 {[%emt 0:00:01]} g5 {[%emt 0:00:04]} 50. fxg5 {[%emt 0:00:20]} hxg5 {[%emt 0:00:01]} 51. g3 {[%emt 0:00:06]} Kg6 {[%emt 0:00:02]} 52. g4 {[%emt 0:00:05]} Nf2 {[%emt 0:00:14]} 53. Kg3 {[%emt 0:00:17]} Ne4+ {[%emt 0:00:02]} 54. Kf3 {[%emt 0:00:00]} Nxc3 {[%emt 0:00:02]} 55. Nxc3 {[%emt 0:00:01]} Bd4 {[%emt 0:00:02]} 56. Nb5 {[%emt 0:00:11]} Bxe5 {[%emt 0:00:02]} 57. Ke4 {[%emt 0:00:05]} Bh2 {[%emt 0:00:28]} 58. Nd4 {[%emt 0:00:10]} Kf6 {[%emt 0:00:07]} 59. Nf3 {[%emt 0:00:23]} Bg3 {[%emt 0:00:03]} 60. Kd4 {[%emt 0:00:09]} Bf4 {[%emt 0:00:46]} 61. Kc4 {[%emt 0:00:24]} Ke7 {[%emt 0:00:25]} 62. Kb5 {[%emt 0:00:03]} Be3 {[%emt 0:00:01]} 63. Kc6 {[%emt 0:00:07]} f6 {[%emt 0:00:03]} 64. Ne1 {[%emt 0:00:14]} f5 {[%emt 0:00:02]} 65. Nc2 {[%emt 0:00:16]} Bc5 {[%emt 0:00:03]} 66. Ne1 {[%emt 0:00:01]} Kf6 {[%emt 0:00:14]} 67. Nf3 {[%emt 0:00:06]} e5 {[%emt 0:00:06]} 68. Kd5 {[%emt 0:00:10]} e4 {[%emt 0:00:10]} 69. Ne1 {[%emt 0:00:14]} Bf2 {[%emt 0:00:21]} 70. Nc2 {[%emt 0:00:03]} b5 {[%emt 0:00:02]} 71. h4 {[%emt 0:00:19]} gxh4 {[%emt 0:00:08]} 72. gxf5 {[%emt 0:00:04]} Kxf5 {[%emt 0:00:02] Kd4} 0-1

[Event "Shanghai COITCT 2019"]
[Site "Shanghai"]
[Date "2019.09.15"]
[Round "3.1"]
[White "Idani, Pouya"]
[Black "Karimov, Alisher"]
[Result "1-0"]
[WhiteElo "2586"]
[BlackElo "2251"]
[Annotator "TA"]
[PlyCount "81"]
[EventDate "2019.09.15"]
[EventType "team-tourn"]
[EventCountry "CHN"]
[SourceTitle "playchess.com"]
[Source "ChessBase"]
[SourceQuality "1"]

{[%evp 9,81,0,35,-13,-14,-17,0,-37,0,0,30,0,16,7,13,12,4,12,21,13,30,33,43,0,0,0,0,0,16,7,17,16,89,98,96,97,95,100,87,81,132,78,110,87,111,114,90,100,93,68,71,48,129,85,229,190,237,239,246,255,235,191,1130,1093,29983,29984,29984,29979,29967,29968,29993,29994,29996,29997]} 1. Nf3 d5 2. c4 c6 3. g3 Nf6 4. Bg2 dxc4 5. O-O g6 6. a4 {[%mdl 1024] White has compensation. A11: English Opening: 1...c6} (6. Na3 Bg7 7. Nxc4 O-O 8. b3 Nbd7 9. Bb2 Nb6 10. Qc1 Nxc4 11. bxc4 Bg4 12. h3 Bxf3 13. Bxf3 Qc7 {0-1 (56) Aronian,L (2785)-Malakhov,V (2713) Doha 2016}) 6... Bg7 7. Na3 Qd5 8. Ne1 {The position is equal.} Qc5 $146 ({Predecessor:} 8... Qd4 9. Qc2 Be6 10. e3 Qg4 11. e4 Nbd7 12. Nxc4 Qh5 13. d4 Ng4 {½-½ (31) Schebler,G (2474)-Mullon,J (2355) Belgium 2006}) 9. Qc2 Bg4 10. Nf3 Be6 11. d3 Na6 {Threatening ...cxd3.} 12. Be3 Qh5 13. Nxc4 Nd5 14. Bd4 Bxd4 15. Nxd4 Bh3 16. e4 {Bxh3 is the strong threat.} Bxg2 17. Kxg2 Ndb4 18. Qc3 $1 O-O 19. Nf3 $36 {[%mdl 2048] White is more active.} Rad8 20. d4 f5 (20... c5 $11 {remains equal.}) 21. Rae1 $16 fxe4 22. Rxe4 Nd5 23. Qb3 Nab4 24. Ncd2 Rf7 (24... Kh8 $142) 25. Ne5 ({Better is} 25. h4 $1) 25... Rff8 26. Ndf3 Qf5 27. Rfe1 Rd6 28. Ng4 {aiming for Nh6+.} Kh8 29. h3 a5 30. Qd1 {[#]} h5 (30... Nc2 $1 $14 {[%mdl 512]}) 31. Nge5 Rdf6 (31... g5 $16) 32. Qd2 Kg7 {[#]} 33. R1e2 $1 Qc8 34. Nh4 Qe8 35. Qg5 {And now Nexg6 would win.} Na6 $2 (35... e6 36. f4 Kh7) 36. Nexg6 $18 {[%mdl 64] Discovered Attack} Rxg6 37. Rxe7+ $1 {White mates.} Nxe7 38. Rxe7+ Qxe7 39. Qxe7+ Rf7 40. Nf5+ Kg8 41. Qe8+ {Accuracy: White = 63%, Black = 35%.} 1-0